00605nam a2200193Ia 450000500170000000800410001704000190005804100120007708200160008910000200010524500590012525000310018426000400021530000230025550400500027865000320032865100410036085000100040120230619120127.0131103s9999 xx 000 0 und d aLoreto College aEnglish a940.28bKET aKetelbey,C.D.M. 2aA history of modern timesb from 1789 cC.D.M.Ketelbey a4th ed.,substantially rev. aLondonbGeorge G.Harrap & Co.c1964 a730 p.b ill.,maps aIncludes bibliographical references and index aModern History - Since 1789 aEurope - Modern History - Since 1789 aLCLIB